Investigación sobre marcos arriostrados de concreto reforzado

Kaydedildi:
Detaylı Bibliyografya
Yazar: Barquero Hernández, Juan
Materyal Türü: Bilinmiyor
Baskı/Yayın Bilgisi: [San José, Costa Rica] 1981
Konular:
Etiketler: Etiketle
Etiket eklenmemiş, İlk siz ekleyin!

MARC

LEADER 00000 a2200000 4500
003 001641
005 20221231143745.0
008 140114s1981 cr a m 000 ||s d
040 |c cru CEDI 
090 |a TFG 1086 
100 |a Barquero Hernández, Juan  |9 15738 
245 |a Investigación sobre marcos arriostrados de concreto reforzado 
260 |c 1981  |a  [San José, Costa Rica] 
300 |a  98 páginas : ilustraciones ; 28 cm  
500 |a  Tesis (licenciatura en ingeniería civil)--Universidad de Costa Rica. Facultad de Ingeniería. Escuela de Ingeniería Civil 
650 |x HORMIGON ARMADO   |x EDIFICIOS - DISEÑO Y CONSTRUCCION  |9 15737 
942 |c TFG 
999 |c 11343  |d 11343